[Event "Saint Affrique op 20th"]
[Site "Saint Affrique"]
[Date "2012.07.23"]
[Round "4"]
[White "Malassagne, Gabriel"]
[Black "Navarro, Julie"]
[Result "1-0"]
[WhiteElo "1350"]
[BlackElo "1523"]
[PlyCount "51"]
[EventDate "2012.07.21"]
[EventType "swiss"]
[EventRounds "9"]
[EventCountry "FRA"]
[SourceTitle "CBM 149 Extra"]
[Source "ChessBase"]
[SourceDate "2012.08.24"]
[SourceVersion "1"]
[SourceVersionDate "2012.08.24"]
[SourceQuality "1"]

1. e4 e5 2. Bc4 Nf6 3. Nc3 Nc6 4. Nf3 Bc5 5. d3 d6 6. h3 h6 7. 0-0 Nh5 8. Ne2 Qf6 9. c3 Be6 10. Bb3 Bxh3 11. d4 Bxg2 12. Kxg2 exd4 13. cxd4 Bb6 14. Ba4 Qg6+ 15. Ng3 0-0 16. Nh4 Qf6 17. Qxh5 Nxd4 18. Be3 Ne6 19. Kh2 Bxe3 20. fxe3 Qxb2+ 21. Qe2 Qe5 22. Qg4 Qb2+ 23. Kh1 Qa3 24. Bb3 Nc5 25. Nhf5 g5 26. Nxh6+ 1-0